Sapphic/Lesbian TV Quotes - Statistics

General Stats
  • This quiz has been taken 38 times
  • The average score is 3 of 20
Answer Stats
Hint Answer % Correct
- "At least they'll find our skeletons entwined." - "I don't have a skeleton, but that's pretty romantic!" Marceline & Bubblegum (Adventure Time)
43%
"Don't you get it? I love you! I always have!" Catra & Adora (She-Ra)
38%
"We'll wear the rings and we'll know. And that's enough for me, if it's enough for you." Dani & Jamie (The Haunting of Bly Manor)
33%
"I don't know what the future holds, but... it would be so cool if you were in it." Luz & Amity (The Owl House)
29%
"When I'm with [name], I finally understand what people are talking about when they talk about love." Santana & Brittany (Glee)
24%
- "Do you miss me?" - "Like someone cut a hole in me." Carmilla & Laura (Carmilla)
19%
"Why does it feel like I'm being struck with a thousand bolts of lightning when I look at her?" Kitty & Yuri (XO, Kitty)
19%
"Let's go on a vacation, just the two of us. Anywhere you want." Korra & Asami (The Legend of Korra)
19%
"I can't let you kill her. I love her more than anything in this whole world." Harley & Ivy (Harley Quinn)
14%
"The light inside of you... that warmth, that kindness, that's everything I like about you. That's what makes you who you are." Nico & Karolina (Runaways)
14%
"No matter what happens, I need you to know that I have never loved anyone the way that I love you." Nicole & Waverly (Wynonna Earp)
14%
- "I'm not losing you, [name]. I'm not losing you." - "Nobody's ever said that to me before." Ryan & Sophie (Batwoman)
14%
"You were always fantasizing about meeting your Prince Charming. I was happy just to share a cardboard castle with you." Amy & Karma (Faking It)
10%
"You just smile, and you smile, and you stab me in the fucking heart." Beth & Addy (Dare Me)
10%
"Had I never met [name], maybe I could've loved moderately." Cal & Juliette (First Kill)
10%
"She thinks I'm cute, but she won't admit it yet." Amaya & Janai (The Dragon Prince)
5%
"I think you're an extraordinary person. You're always the first to lighten a situation. You act bravely when you're afraid. You do what you say." Blake & Yang (RWBY)
5%
"The truth is, [name], I've... fallen for you. Like, hard. Real hard." Yaz & Sammy (Jurassic World: Camp Cretaceous)
5%
"Impossibility is a kiss away from reality." Nomi and Amanita (Sense8)
5%
"It felt like... I'd rather not have known. I'd rather not have met her, because having met her and then being without her, that's worse." Yaz & Thirteen (Doctor Who)
5%
No matching quizzes found
Score Distribution
Percent of People with Each Score
Percentile by Number Answered
Your Score History
You have not taken this quiz